000 00322 a2200157 4500
001 57918
020 _a8526502840
040 _cAnchieta - Pituba
100 _aStraub, Peter
240 1 0 _aMistério
_lpor
245 1 0 _aMistério
300 _a422
362 0 _a1992
650 4 _aFicção norte-americana
942 _cBK
999 _c57918
_d57918